One Piece - Lettre J - Statistiques

Statistiques générales
  • Ce quiz a été pris 94 fois
  • Le résultat moyen est 9 sur 15
Statistiques - réponses
Indice Réponse % Correct
Timonier de l'équipage au chapeau de paille Jinbe
96%
L’un des Trois Calamités de Kaido, surnommé "La Sécheresse" Jack
84%
Figure légendaire de l’histoire ancienne, liée au Siècle Oublié et à Nika Joy Boy
81%
Hypnotiseur excentrique, ancien membre des Pirates du Chat Noir, devenu officier de la Marine Jango
78%
Ancien membre de l'équipage des Rocks transformer en zombie par Gecko Moria John
73%
Commandant de la 3e division de Barbe Blanche Joz
70%
Île coupée en deux par le Knock Up Stream, une moitié à atterrit sur Skypiea Jaya
66%
Cahier entretenu par un pirate pour raconter ses aventures Journal
66%
Idéal central de la Marine, avec plusieurs interprétations Justice
65%
Seul agent du CP9 qui peut bouger pendant un Metallium, il possède le Zoan du loup Jabra
60%
Terme utilisé pour désigner certaines attaques ou arts martiaux, spécialement chez les Ninjas Jutsu
58%
Chasseur de primes et ami de Zoro dans les premiers arcs Johnny
56%
Ancien esclave libéré par Law, devenu membre des Heart Pirates Jean Bart
43%
Dressrosa en était la ville, il faisait fonctionner l'île Jouet
30%
Famille de Dragon céleste étant les géniteurs de Bonney Jewerly
13%
Aucun quiz correspondant
Distribution des résultats
% des personnes avec chaque résultat
Percentile par nombre de réponses
Votre historique - résultats
Vous n’avez pas pris ce quiz